| 000 | 00417nam a22001577a 4500 | ||
|---|---|---|---|
| 020 | _a9788196176662 | ||
| 082 |
_aM 003.5 _bSAJ/C |
||
| 245 |
_aCyber bahuswaravayanakal/ _cby Saji Karingola (ed.) |
||
| 250 | _a3rd ed. | ||
| 260 |
_aKozhikode: _bPavanatma Publishers, _c2023. |
||
| 300 | _a262p. | ||
| 650 | _aInformation Technology | ||
| 650 | _aComputer Sciences | ||
| 700 | _aSaji Karingola (ed.) | ||
| 942 | _cBK | ||
| 999 |
_c181925 _d181925 |
||